Detalles MARC
| 000 -LIDER |
| fixed length control field |
01735nam a2200289 a 4500 |
| 001 - NÚMERO DE CONTROL |
| Identificador de número de control |
000025095 |
| 003 - IDENTIFICACDOR DE NÚMERO DE CONTROL |
| control field |
000025095 |
| 005 - DATE AND TIME OF LATEST TRANSACTION |
| control field |
20171002125808.0 |
| 008 - ELEMENTOS DE LONGITUD FIJA |
| fixed length control field |
110210s20uu dr a 000 j spa d |
| 020 ## - ISBN |
| International Standard Book Number |
9789945120069 |
| 040 ## - FUENTE DE CATALOGACIÓN |
| Agencia que crea de manera original el registro |
BPMSU |
| Idioma de catalogación |
spa |
| Agencia que realiza la transcripción |
BPMSU |
| 049 ## - LOCAL HOLDINGS (OCLC) |
| Holding library |
|
| 082 #4 - NÚMERO DE CLASIFICACIÓN DECIMAL DE DEWEY |
| Classification number |
H863.4408 |
| Item number |
C965L |
| 092 ## - LOCALLY ASSIGNED DEWEY DECIMAL CALL NUMBER |
| Número de edición |
|
| 245 00 - MENCIÓN DE TITULO |
| Título |
Cuentos latinoamericanos. |
| 260 ## - PUBLICACIÓN, DISTRIBUCIÓN, ETC. (PIE DE IMPRENTA) |
| Lugar de publicación, distribución, etc |
Santo Domingo : |
| Nombre del editor, distribuidor, etc. |
Susaeta, |
| Fecha de publicación, distribución, etc |
[19--?]. |
| 300 ## - DESCRIPCIÓN FÍSICA |
| Extensión |
192 p. : |
| Otros detalles físicos |
il.; |
| Dimensiones |
22 cm. |
| 490 1# - MENCIÓN DE SERIES |
| Mención de serie |
Biblioteca Susaeta |
| 505 0# - NOTA DE CONTENIDO |
| Título |
La gallina degollada / |
| Mención de responsabilidad |
Horacio Quiroga -- |
| Título |
Los amos / |
| Mención de responsabilidad |
Juan Bosch -- |
| Título |
Las novias del mendigo / |
| Mención de responsabilidad |
Rómulo Gallegos -- |
| Título |
El hombre honrado / |
| Mención de responsabilidad |
Monteiro Lobato -- |
| Título |
La leyenda del yunque / |
| Mención de responsabilidad |
Juan B. Huyke -- |
| Título |
Los fugitivos / |
| Mención de responsabilidad |
Alejo Carpentier -- |
| Título |
El sueño del pongo / |
| Mención de responsabilidad |
José María Arguedas -- |
| Título |
Ciro Alegría / |
| Mención de responsabilidad |
Calixto Garmendia -- |
| Título |
Es que somos pobres / |
| Mención de responsabilidad |
Juan Rulfo -- |
| Título |
Continuidad de los parques / |
| Mención de responsabilidad |
Julio Cortázar -- |
| Título |
Primera dama / |
| Mención de responsabilidad |
Augusto Monterroso -- |
| Título |
El ahogado más hermoso del mundo / |
| Mención de responsabilidad |
Gabriel García Márquez -- |
| Título |
Juegos nocturnos / |
| Mención de responsabilidad |
Augusto Roa Bastos -- |
| Título |
El cacique / |
| Mención de responsabilidad |
Francisco Herrera Velado -- |
| Título |
Eleuterio Real / |
| Mención de responsabilidad |
Pablo Antonio Cuadra -- |
| Título |
Una Elfina / |
| Mención de responsabilidad |
Pompello del Valle -- |
| Título |
El hombre feliz / |
| Mención de responsabilidad |
María Teresa Sánchez -- |
| Título |
Uno menos / |
| Mención de responsabilidad |
Alicia Yánez Cossío -- |
| Título |
La novia bruja / |
| Mención de responsabilidad |
Elías Zelenón Cartín -- |
| Título |
Balas cruceadas / |
| Mención de responsabilidad |
Eliseo Pérez Cadalso -- |
| Título |
Anita la cazadora de insectos / |
| Mención de responsabilidad |
Roberto Castillo -- |
| Título |
El fardo / |
| Mención de responsabilidad |
Rubén Darío |
| 650 #4 - ENCABEZAMIENTO DE MATERIA--TEMÁTICO |
| Término temático o nombre geográfico como elemento de entrada |
CUENTOS LATINOAMERICANOS |
| Subdivisión temática general |
COLECCIONES |
| 650 #4 - ENCABEZAMIENTO DE MATERIA--TEMÁTICO |
| Término temático o nombre geográfico como elemento de entrada |
LITERATURA LATINOAMERICANA |
| 830 #0 - ASIENTO SECUNDARIO DE SERIE--TÍTULO UNIFORME |
| Título uniforme |
Biblioteca Susaeta |
| 910 ## - VALIDACIÓN |
| Validación |
Validado. Control de calidad BNPHU |
| 942 ## - ADDED ENTRY ELEMENTS (KOHA) |
| Source of classification or shelving scheme |
Dewey Decimal Classification |
| Koha item type |
Libros |
| 945 ## - INFORMACIÓN DE PROCESAMIENTO LOCAL |
| Información de procesamiento local |
Inventariado / 2017 VM |
| 956 ## - LOCAL ELECTRONIC LOCATION AND ACCESS (OCLC) |
| Nombre de host |
VMATEO |
| Número de acceso |
10 |
| Información de compresión |
20150922 |
| Inicio de sesión |
BPMSU |
| Procesador de solicitud |
0069 |